15 principales países con muertes de Covid-19 - 14 deciembre - Estadísticas

Estadísticas generales
  • Esta prueba ha sido intentada 6 veces
  • La puntuación promedio es 13 de 21
Estadísticas de respuestas
país % Correcto
España
100%
Estados Unidos
100%
Francia
100%
México
100%
Argentina
83%
Bélgica
83%
Brasil
83%
Italia
83%
Reino Unido
83%
Rusia
83%
Colombia
67%
India
67%
Perú
67%
Chequia
50%
Irán
50%
Polonia
50%
Armenia
33%
Sudáfrica
33%
Eslovenia
17%
Bosnia y Herzegovina
0%
Macedonia del Norte
0%
No se encontraron pruebas coincidentes
Distribución de puntuación
Porcentaje de gente con cada puntuación
Porcentaje por número respondido
Historial de tus puntuaciones
No has intentado esta prueba.